USING WEB-BASED ARCHIVES TO TEACH BLACK CANADIAN HISTORY

Bibliographic Details
Main Author: Otrísalová, Lucia (Author)
Format: Article
Language:English

MARC

LEADER 00000nab a2200000uu 4500
001 vtls011145354
003 SK-MaSNL
005 20260303145759.0
008 230222|2010 xo |||||||||||||||||eng|
015 |a SNBRB 
035 |a (urnnbn)urn:nbn:sk:snk:ar-008izr 
035 |a (uuid)df51f544-7630-44b6-b000-de28cb9ed63f 
035 |a urn:nbn:sk:snk-abaw63 
040 |a SNKBUCL  |b slo  |c SNKBUCL  |e AACR2 
041 0 |a eng 
044 |a xo  |c SK 
100 1 |a Otrísalová, Lucia  |4 aut  |9 658341 
245 1 0 |a USING WEB-BASED ARCHIVES TO TEACH BLACK CANADIAN HISTORY  |c Lucia Otrísalová 
773 0 |t Zborník Filozofickej fakulty Univerzity Komenského  |g Roč. 65, č. 1 (2010), s. 95-100 
958 |a OND 
958 |a EUIPO 
958 |a article14 
999 |c 2005178  |d 2007108